Vista normal
Vista MARC
Entrada Materia (personas)
Número de registros utilizados en: 1
001 - CONTROL NUMBER
- control field: 31538
003 - CONTROL NUMBER IDENTIFIER
- control field: Co-BoUCM
005 - DATE AND TIME OF LATEST TRANSACTION
- control field: 20130305155118.0
008 - FIXED-LENGTH DATA ELEMENTS
- fixed length control field: 130305|| aca||aabn | a|a d
040 ## - CATALOGING SOURCE
- Original cataloging agency: Co-BoUCM
- Transcribing agency: Co-BoUCM
100 ## - HEADING--PERSONAL NAME
- Personal name: Gambiglioni, Angelo,
- Titles and other words associated with a name: 15th cent.
670 ## - SOURCE DATA FOUND
- Source citation: Work cat.: (Co-BoUCM): Gambiglioni, Angelo, 15th cent., 1. Angeli Vbaldi Perusini iurisc. praeclarissimi, In Codicem commentaria: , 1579-1580